| 000 | 00845nam a2200265Ia 4500 | ||
|---|---|---|---|
| 003 | OSt | ||
| 005 | 20260417173217.0 | ||
| 006 | a|||||r|||| 00| 0 | ||
| 007 | ta | ||
| 008 | 220926b |||||||| |||| 00| 0 eng d | ||
| 024 | _a118032 | ||
| 037 | _cTheses | ||
| 040 |
_aCRL _cCRL _beng |
||
| 041 |
_2eng _aeng |
||
| 100 | _aTalwar Poornima S | ||
| 110 |
_aUniversity of Delhi. Faculty of Commer & Business Studies. Department of Commerce _9542848 |
||
| 245 | 0 | _aTop management perspective of human resources development | |
| 260 | _c2010 | ||
| 650 | _aCOMMERCE | ||
| 700 |
_a Gopal Ji Gu. _9542849 |
||
| 700 | _a Singh Y P Gu. | ||
| 700 |
_aUniversity of Delhi. Faculty of Commer & Business Studies. Department of Commerce _9542850 |
||
| 942 |
_cTH _2CC |
||
| 999 |
_c872503 _d872503 |
||